000 00820cam a22002773a 4500
001 18344
003 PGUSA
005 20140828083406.0
008 060508s2006||||xxu|||||s|||||000 | eng d
040 _aPGUSA
_beng
042 _adc
050 4 _aPZ
050 4 _aNC
100 1 _aCrane, Walter,
_d1845-1915
245 1 4 _aThe Song of Sixpence :
_bPicture Book
_h[electronic resource] /
_cWalter Crane
260 _bProject Gutenberg,
_c2006
505 0 _aSing a song of sixpence -- Princess Belle Etoile -- An alphabet of old friends.
506 _aPublic domain in the USA.
516 _aElectronic text
653 _aFairy tales
653 _aPicture books for children
653 _aNursery rhymes
830 0 _aProject Gutenberg
_v18344
856 4 0 _uhttp://www.gutenberg.org/ebooks/18344
942 _cEB
999 _c247599
_d247599